[Event "Romanian Team Rapid Open 2022"]
[Site "Sebes"]
[Date "2022.12.03"]
[Round "7.15"]
[White "Itkis, Boris"]
[Black "Sfarlog, Tudor-Vlad"]
[Result "1-0"]
[WhiteElo "2343"]
[BlackElo "2283"]
[Annotator "TA"]
[PlyCount "99"]
[EventDate "2022.12.03"]
[EventType "rapid"]
[EventCountry "ROU"]
[SourceTitle "playchess.com"]
[Source "ChessBase"]
[SourceQuality "1"]

{[%evp 19,99,29,39,31,30,31,35,29,27,25,93,28,69,41,92,95,80,96,85,89,140,79,79,73,76,20,162,153,363,347,371,362,338,0,220,180,185,168,206,206,219,219,201,199,247,192,198,183,392,320,379,360,395,337,458,412,511,0,432,302,521,521,771,760,864,811,1052,1031,1539,1422,1530,1405,29978,29979,29979,29980,29980,29981,29979,29978,29974,6087]} 1. d4 g6 2. e4 Bg7 3. Nc3 d6 4. f4 Nf6 5. Nf3 c5 6. Bb5+ Bd7 7. e5 Ng4 8. Bxd7+ Qxd7 9. d5 dxe5 10. h3 e4 $1 11. hxg4 {B09: Pirc Defence: Austrian Attack.} exf3 12. Qxf3 ({But not} 12. gxf3 Na6 13. Be3 O-O-O $17) 12... Na6 13. Bd2 $1 {White is slightly better.} O-O-O 14. O-O-O Kb8 (14... Nc7 $11) 15. Kb1 (15. f5 $16) 15... Nc7 {[%cal Rc7d5]} 16. Be1 {[#]} h6 $146 (16... Bxc3 $14 17. Bxc3 f6) ({Predecessor:} 16... Bd4 17. f5 gxf5 18. gxf5 e6 19. Bh4 Rdg8 20. dxe6 fxe6 21. Bf6 exf5 22. Bxh8 Rxh8 23. Ne2 Re8 24. c3 Qb5 25. Nxd4 cxd4 26. Rxd4 a5 27. Qd3 Qc6 28. Rd8+ {1-0 (28) Di Berardino,D (2479)-Campos,I (2172) Juiz de Fora 2014}) 17. Ne4 $16 Qb5 {[%csl Gg7][%cal Rb5b2] [#]} 18. Bc3 Bxc3 19. Nxc3 Qc4 (19... Qa6 $142) 20. Rhe1 (20. Qe3 $142) 20... Rd7 21. Re4 $36 {[%mdl 2048] White is on the roll.} Qa6 22. Qe3 {White is more active.} (22. f5 $16) 22... Rhd8 (22... e6 $11 {and Black stays safe.}) 23. Rxe7 $18 b6 $2 (23... Qd6 $16 24. Rxd7 Rxd7) 24. Rxd7 Rxd7 25. Qe5 Qc8 26. Nb5 $2 (26. d6 $18 Ne8 27. Ne4) 26... a6 $2 (26... f6 $1 $11 {and Black has nothing to worry.} 27. Qe2 Rxd5 28. Rxd5 Nxd5) 27. Nxc7 Qxc7 {[%mdl 4096] Endgame KQR-KQR} 28. c4 g5 29. g3 {[%cal Bg2g3,Bg3f4,Bf4f5][%mdl 32]} Kb7 30. d6 Qc6 31. Rd5 Rd8 (31... gxf4 {was worth a try.} 32. gxf4 Qc8) 32. b3 gxf4 33. gxf4 Qd7 $2 (33... Qe8 {was necessary.} 34. Qe7+ Qxe7 35. dxe7 Re8) 34. Qe4 Kb8 35. f5 Ka7 36. Kc2 Kb8 37. Qe3 Rg8 38. Qe4 {[#] Strongly threatening Re5.} Rd8 $1 39. a4 a5 $2 (39... Qc6 40. Qf4 Kb7) 40. Qf4 Kb7 41. Qxh6 Qe8 42. Qf4 Ka6 43. g5 Qh8 44. f6 Qh1 45. d7 {Qc7 would kill now.} Qa1 46. Qc1 {White mates.} Qa2+ 47. Qb2 Qxb2+ 48. Kxb2 Kb7 49. Kc2 Kc7 50. Kd3 {Weighted Error Value: White=0.46/Black=0.71} 1-0

[Event "Romanian Team Rapid Open 2022"]
[Site "Sebes"]
[Date "2022.12.03"]
[Round "7.16"]
[White "Tampea, Radu"]
[Black "Bulau, Andrei-Cristian"]
[Result "1/2-1/2"]
[WhiteElo "2110"]
[BlackElo "2154"]
[Annotator "TA"]
[PlyCount "144"]
[EventDate "2022.12.03"]
[EventType "rapid"]
[EventCountry "ROU"]
[SourceTitle "playchess.com"]
[Source "ChessBase"]
[SourceQuality "1"]

{[%evp 15,144,-9,29,29,42,29,85,31,41,44,43,41,43,52,47,55,43,33,31,14,18,17,23,24,31,14,41,42,38,-72,40,41,50,35,48,55,48,48,54,47,50,54,63,41,48,44,46,64,58,38,94,40,40,40,48,41,50,52,105,30,61,31,52,31,31,31,31,20,20,0,39,31,37,0,66,44,518,445,335,13,20,20,703,703,686,656,875,838,760,674,570,24,24,24,24,8,8,8,8,8,8,0,8,19,19,8,8,8,8,8,8,8,8,8,8,8,8,0,114,114,114,8,8,8,8,8,8,0,0,-8,8]} 1. d4 d5 2. Bf4 Nf6 3. e3 c5 4. c3 Nc6 5. Nd2 e6 6. Ngf3 Bd6 7. Bg3 O-O 8. Bd3 cxd4 9. exd4 {D02: 1 d4 d5 2 Nf3 sidelines, including 2...Nf6 3 g3 and 2...Nf6 3 Bf4.} Qc7 10. Qe2 Re8 (10... Ne8 $11) 11. O-O (11. Bxd6 $16 Qxd6 12. Ne5) 11... e5 12. dxe5 Nxe5 13. Nxe5 Bxe5 14. Rfe1 Bg4 $1 15. Bxe5 Bxe2 16. Bxc7 Bxd3 17. f3 {[#]} Rac8 $146 ({Predecessor:} 17... Nd7 18. Bd6 f6 19. Kf2 Kf7 20. Re3 Rxe3 21. Kxe3 Ba6 22. Re1 Re8+ 23. Kf2 Ne5 24. Bxe5 Rxe5 {½-½ (39) Ponnio,T (2052)-Kivimaki,J (2210) Helsinki 2016}) 18. Be5 Nd7 19. Bd4 b6 20. Kf2 (20. Nf1 {simplifies} Bxf1 21. Rxe8+ Rxe8 22. Kxf1 f6 23. a4) 20... Nc5 21. Bxc5 bxc5 22. Rxe8+ Rxe8 $14 {[%mdl 4096] Endgame KRB-KRN} 23. Re1 {[%cal Re1e8] Inhibits Re2+.} Kf8 24. Rxe8+ Kxe8 {KB-KN} 25. Nb3 Bc4 26. Nxc5 Bxa2 27. Ke3 Ke7 28. Kd4 Kd6 29. b4 Bc4 30. Nb7+ Kc7 $1 31. Na5 Bf1 32. g3 {[%cal Od4c5] Kc5! is the strong threat.} Bg2 ({Black should play} 32... Kd6 $14) 33. f4 (33. Kc5 $16) 33... Kd6 {Prevents Nc6.} 34. Nb7+ Kc7 35. Nc5 Kd6 36. Nd3 f6 (36... Bh3 $14) 37. Nc5 (37. f5 $1 $16) 37... Bf3 38. Ke3 Bg2 39. Nb3 Bh3 40. Nd4 Bd7 41. Nc2 Bf5 42. Nd4 Bd7 43. Kf3 Kc7 44. f5 Kb6 ({Black should try} 44... h5 $11) 45. Kf4 (45. Ke3 $5 {[%cal Rd4e6]}) 45... a5 $2 {[%mdl 8192]} (45... Kc7 $14) 46. bxa5+ $18 Kxa5 {[#]} 47. Ke3 $2 (47. Ne6 $1 $18 {[%cal Re6g7]} g5+ 48. fxg6 hxg6 49. Nf8 g5+ 50. Ke3) 47... Kb6 $11 48. Ne6 g6 {[%mdl 8192]} (48... Bxe6 $11 49. fxe6 Kc6) 49. fxg6 $18 hxg6 50. Nf4 {[%csl LRd5,LRg6]} Kc5 51. Nxg6 Kc4 52. Nf4 {Threatens to win with h4.} Bc6 53. Kd2 (53. Ne2 $18) 53... d4 $11 54. cxd4 Kxd4 55. Ke2 (55. Nh5 $5 {[%cal Rh5f6]}) 55... Ke4 56. Kf2 Kf5 57. Ke3 Kg4 $1 58. Kf2 Bb7 59. h3+ Kg5 60. Ng2 Bc8 61. h4+ Kf5 $1 62. Ne3+ Ke4 63. Nc4 {Threatening mate with Nd6+.} (63. h5 $5 {[%cal Rh5h6]} Be6 64. Ng2 $11) 63... Be6 64. Nd2+ Kf5 65. Nf1 Ke4 66. Ne3 Bf7 {[#]} (66... Bc8 $11 {remains equal.}) 67. Ng4 $1 $16 {Hoping for h5.} f5 68. Nh2 (68. Nf6+ $16 Ke5 69. Nd7+ Ke6 70. Nf8+ Ke7 71. Nh7) 68... Bh5 $11 {The position is equal.} 69. Kg2 Be2 70. Nf1 f4 71. Nd2+ Ke3 72. gxf4 Kxf4 {Black escapes into a draw.   Weighted Error Value: White=0.38/Black=0.29 (precise)} 1/2-1/2

[Event "Romanian Team Rapid Open 2022"]
[Site "Sebes"]
[Date "2022.12.03"]
[Round "7.17"]
[White "Stanca, Adrian"]
[Black "Baratosi, Daniel"]
[Result "0-1"]
[WhiteElo "2182"]
[BlackElo "2335"]
[Annotator "TA"]
[PlyCount "118"]
[EventDate "2022.12.03"]
[EventType "rapid"]
[EventCountry "ROU"]
[SourceTitle "playchess.com"]
[Source "ChessBase"]
[SourceQuality "1"]

{[%evp 15,118,9,23,0,0,0,0,-21,0,-26,22,0,29,-20,-6,-72,-91,-75,-29,-18,13,-30,0,0,6,-23,0,-7,-9,-52,-39,-96,-97,-179,-175,-204,-121,-126,-107,-255,-256,-504,-377,-526,-154,-148,-67,-67,-66,-66,-70,-63,-52,-157,-19,-24,-16,-320,-321,-316,-310,-311,-250,-212,-104,-137,-156,-361,-335,-336,-304,-301,-257,-320,-304,-365,-341,-461,-302,-301,-294,-506,-441,-462,-450,-579,-578,-570,-551,-695,-567,-560,-547,-1790,-1712,-1535,-1166,-1160,-1133,-2200,-1109,-1766,-1484,-2933,-2542]} 1. Nf3 g6 2. g3 Bg7 3. d4 d6 4. Bg2 Nf6 5. O-O O-O 6. Re1 Nbd7 7. e4 e5 8. c3 b6 9. Nbd2 {A49: 1 d4 Nf6 2 Nf3 g6 3 g3: Anti-King's Indian systems.} Bb7 10. a4 a5 11. Qc2 {The position is equal.} Re8 12. d5 h6 {[#]} (12... c6 $142) 13. Nh4 $146 ({Predecessor:} 13. b4 c6 14. dxc6 Bxc6 15. bxa5 Nc5 16. axb6 Bxa4 17. Qb1 Ra6 18. Ba3 Rxb6 19. Qa2 {1-0 (39) Cruz Lledo,P (2423)-Granero Roca,A (2389) Valencia 2018}) 13... Nh7 14. Ndf3 (14. Nc4 $142) 14... c6 $11 15. Be3 (15. dxc6 $11 Bxc6 16. Be3) 15... cxd5 $17 16. exd5 Nhf8 (16... Bxd5 $17 {Strongly threatening ...Be6.} 17. Qd2 Be6 18. Bxh6 Bxh6 19. Qxh6 g5) 17. Nd2 $11 f5 {[%cal Of5f4]} 18. f4 (18. Nc4 $5 {[%cal Rc4d6]} Qf6 19. Nf3 $11 (19. Bxb6 $2 {is the wrong capture.} Ba6 $19) (19. Nxb6 Nxb6 20. Bxb6 Nd7 $11)) 18... exf4 19. Bxf4 Ne5 20. Be3 Nfd7 21. Bd4 Rc8 22. Qd1 Qf6 23. Rf1 (23. Qb3 $15) 23... Qf7 24. Qb3 (24. Ne4 $17 Bf8 25. Nf2) 24... Ba6 $19 25. Rfe1 {[#]} Rb8 (25... Nd3 $1 $19 26. Re6 (26. Rxe8+ $2 Qxe8 27. Nf1 Bxd4+ 28. cxd4 Qe2 $19) 26... N3c5) 26. Nhf3 $17 Nc5 27. Qa2 (27. Bxc5 $17 {was necessary.} Nxf3+ 28. Nxf3 bxc5 29. Qc2) 27... Ncd3 $19 28. Re3 (28. Red1) 28... f4 29. gxf4 Nxf4 (29... Qxf4 $19 {and Black stays clearly on top.} 30. Nf1 Nxf3+ 31. Rxf3 Bxd4+ 32. cxd4 Qxd4+ 33. Kh1 Re2) 30. Bxe5 $17 dxe5 (30... Bxe5 $17 31. Nxe5 Qf5) 31. d6 $15 Qxa2 32. Rxa2 Rbd8 {Black is more active.} 33. Ne4 Bb7 34. Nfd2 ({Better is} 34. Bf1 $15) 34... Bd5 (34... Nxg2 $17 35. Kxg2 Rxd6) 35. c4 $11 Ba8 $36 {[%mdl 2048] [#] aiming for ...Nxg2. White is under pressure.} (35... Nxg2 {simplifies} 36. Kxg2 Ba8 37. Kh3 h5) 36. Rb3 $2 {[%mdl 8192]} (36. Bf1 $11 {and White has nothing to worry.}) 36... Nxg2 $19 37. Kxg2 Rxd6 38. Kf2 Rf8+ 39. Ke3 Rc6 (39... Bxe4 $19 {is more deadly.} 40. Nxe4 Rd1) 40. c5 bxc5 41. Nc4 $2 (41. Rb5 $17) 41... h5 42. Ra1 Bh6+ 43. Ke2 Rc7 44. Ned6 Bd5 {[%cal Oc7f7]} 45. Rg1 Kh7 {[%cal Oc7f7]} 46. Rbg3 Rf4 47. b3 g5 {[%cal Bg6g5,Bg5g4][%mdl 32]} 48. Nxe5 (48. Rd3 Ba8 49. Nb6) 48... g4 {Black is clearly winning.} 49. Rd3 Be6 {This pair of bishops is nice.} 50. Rf1 Rxf1 51. Kxf1 Bf4 $1 {[%csl LRe5,LRh2]} 52. Nec4 Bxh2 53. Ne4 Bf5 54. Ncd6 Bxd6 55. Nf6+ Kg6 56. Rxd6 Kg5 57. Nd5 {Inhibits h4.} Rb7 {[%cal Oh5h4] Threatens to win with ...h4!} 58. Ne3 Rxb3 59. Kf2 g3+ {Weighted Error Value: White=0.84/Black=0.44} 0-1

[Event "Romanian Team Rapid Open 2022"]
[Site "Sebes"]
[Date "2022.12.03"]
[Round "7.18"]
[White "Illes, Sandor-Ferenc"]
[Black "Coicev, Matei-Andrei"]
[Result "0-1"]
[WhiteElo "1876"]
[BlackElo "2009"]
[Annotator "TA"]
[PlyCount "112"]
[EventDate "2022.12.03"]
[EventType "rapid"]
[EventCountry "ROU"]
[SourceTitle "playchess.com"]
[Source "ChessBase"]
[SourceQuality "1"]

{[%evp 25,112,21,25,0,0,0,0,0,0,0,0,0,0,0,33,0,0,0,0,0,0,0,0,0,0,0,0,0,0,0,0,0,0,0,38,0,96,93,101,110,110,107,159,0,8,0,46,27,100,104,99,0,117,113,108,93,365,360,304,306,351,344,345,13,10,0,0,0,0,0,0,0,20,0,0,-318,-316,-291,-281,-291,-292,-29971,-768,-29968,-12828,-29976,-29977,-29975,-29976]} 1. e4 c5 2. Nf3 {[%cal Bg1f3,Bf3d4,Bd4b5,Bb5c3,Bc3e2,Be2g3][%mdl 32]} e6 3. d4 cxd4 4. Nxd4 Nf6 5. Nc3 Nc6 6. Ndb5 Bb4 7. a3 Bxc3+ 8. Nxc3 d5 9. exd5 exd5 10. Bd3 O-O 11. O-O d4 12. Ne2 Bg4 13. f3 Bh5 14. Ng3 {B45: Sicilian Four Knights.} Bg6 15. f4 Bxd3 16. Qxd3 {The position is equal.} Re8 17. Bd2 {[#]} Qd7 $146 ({Predecessor:} 17... Qd5 18. Rae1 a5 19. h3 b5 20. Rxe8+ Rxe8 21. Re1 Rxe1+ 22. Bxe1 b4 23. Bf2 Nd7 24. Ne2 bxa3 25. bxa3 {1-0 (68) Jaenig,R (1990)-Kewe,S Dresden 1993}) 18. Rfe1 Rxe1+ 19. Rxe1 Re8 20. Ne4 Nxe4 21. Rxe4 Rxe4 22. Qxe4 $11 {[%mdl 4096] Endgame KQB-KQN} f5 23. Qe2 h6 24. Qc4+ Kh7 25. Kf2 Qe7 26. Qd5 Qh4+ 27. Kf1 Qg4 28. Kf2 Qh4+ 29. Kf1 Qh5 {Strongly threatening ...Qd1+.} 30. Kf2 Qg6 (30... Qh4+ $11 31. Kf1) 31. b4 $16 a6 32. a4 Qf6 33. g3 {Inhibits Qh4.} b6 (33... Qf8 $142) 34. Kg2 $2 (34. Qd7 $16) 34... Ne7 $11 35. Qc4 {[%cal Ob4b5]} Qd6 (35... Qc6+ $11 {deserves consideration.} 36. Qxc6 Nxc6) 36. Kf2 (36. Kg1 $5 {[%cal Rc4a6]}) 36... Nc6 (36... Qc6 $1 $11 37. Qxc6 (37. Qxd4 Qxc2 38. b5 axb5 $11) 37... Nxc6) 37. b5 $16 axb5 38. axb5 (38. Qxb5 $16 Qe6 39. Qxb6) 38... Nd8 (38... Na7 $11) 39. Bb4 Qd7 40. h4 Ne6 $2 {[%mdl 8192]} (40... h5 $16 {might work better.}) 41. Qc6 $18 Qf7 42. Qxb6 Nc7 {[%cal Od4d3]} 43. Qc6 {Prevents d3.} (43. Qxd4 Nxb5 44. Qd3 Nc7 $18) 43... Nd5 44. Bd2 ({Only move:} 44. Bc5 $18) 44... Nf6 $11 45. b6 {And now b7 would win.} (45. Ke2 {looks sharper.} Ne4 46. Kd3 Qh5 47. Qd5) 45... Ne4+ 46. Ke1 {Threatens to win with b7.} Qe7 {( -> ...Nc3+)} 47. Qc7 Qe6 (47... Qa3 $5 48. Qe5 $8 Qxg3+ 49. Kd1 Qg4+ 50. Kc1 Qg1+ 51. Kb2 Nxd2 52. Qxf5+ Kh8 53. Qf8+ Kh7 54. Qf5+ Kh8 55. Qf8+ Kh7 56. Qf5+ $11) 48. Qe5 Qg6 49. b7 (49. Kd1 $5 {[%cal Rb6b7]} Qxb6 50. Qxf5+ Qg6 51. Qxg6+ Kxg6 52. Be1 $14) 49... Qxg3+ 50. Ke2 $2 {[%mdl 8192]} (50. Kd1 $11 Qf3+ 51. Kc1 Qa3+ 52. Kd1 Qf3+ 53. Kc1 Qa3+ 54. Kd1 Qf3+) 50... Qf2+ $19 (50... Qxh4 {leads to mate.} 51. Qxf5+ (51. b8=B $2 Qh2+ 52. Kd3 Qxd2+ 53. Kc4 Qxc2+ 54. Kxd4 Qd1+ 55. Kc4 Qa4+ 56. Kd3 Qd7+ 57. Kc4 h5 $19) 51... g6 52. Qf7+ (52. b8=Q $2 gxf5 53. Qc7+ Kg6 $19) 52... Kh8 53. b8=Q+) 51. Kd3 Qxd2+ (51... Nxd2 $2 {gets mated.} 52. Qxf5+ (52. b8=B Kh8 $11) 52... g6 53. Qf7+ Kh8 54. b8=Q#) 52. Kc4 Qxc2+ 53. Kxd4 $2 {[#]} (53. Kb5 $19 Nc3+ 54. Kc5 Na4+ 55. Kb4) 53... Qb2+ (53... Qc3+ $142 54. Kd5 Qc5+ 55. Ke6 Qc6+ 56. Kf7 Qxb7+ 57. Ke6 Qc8+ 58. Kd5 Qd7+ 59. Kc4 Kg6 60. Qa5 Kh5 61. Qe1 Qa4+ 62. Kd5 Qb5+ 63. Kd4 Qc5+ 64. Kd3 Nf2+ 65. Ke2 Qe7+ 66. Kf1 Qxe1+ 67. Kxe1 {[#]} Kxh4 $1 68. Kxf2 Kg4 69. Kf1 Kxf4 70. Ke2 Ke4 71. Kf2 f4 72. Ke2 f3+ 73. Kd2 Kd4 74. Ke1 Ke3 75. Kd1 f2 76. Kc2 f1=Q 77. Kb3 Qb5+ 78. Kc3 h5 79. Kc2 Qb4 80. Kc1 Kd3 81. Kd1 Qd2#) 54. Kd5 Qxb7+ (54... Qb5+ $142 55. Kd4 Qb4+ 56. Kd3 Qb3+ 57. Kd4 Qc3+ 58. Kd5 Qc5+ 59. Ke6 Qc6+ 60. Ke7 Qxb7+ 61. Kd8 Qf7 62. Kc8 Kg6 63. Qd4 Qe7 64. Qd7 Qxh4 65. Qc7 Qf6 66. Kb8 Qa6 67. Qe5 Qd6+ 68. Kc8 Qxe5 69. fxe5 f4 70. Kd7 f3 71. e6 f2 72. e7 Nf6+ 73. Kd6 f1=Q 74. Kc5 Qc1+ 75. Kd4 Kf5 76. e8=B Nxe8 77. Kd5 Nf6+ 78. Kd4 Ne4 79. Kd3 Qc3+ 80. Ke2 Qd2+ 81. Kf3 Qf2#) 55. Ke6 Qc6+ 56. Ke7 Qf6+ {Never resign too early!   Weighted Error Value: White=0.79/Black=0.60} 0-1

[Event "Romanian Team Rapid Open 2022"]
[Site "Sebes"]
[Date "2022.12.03"]
[Round "7.20"]
[White "Duma, Ioan-Gheorghe"]
[Black "Mainescu, Andrei-Cristian"]
[Result "0-1"]
[WhiteElo "1782"]
[BlackElo "1860"]
[Annotator "NA RC COMBH"]
[PlyCount "80"]
[EventDate "2022.12.03"]
[EventType "rapid"]
[EventCountry "ROU"]
[SourceTitle "playchess.com"]
[Source "ChessBase"]
[SourceQuality "1"]

1. d4 Nf6 2. c4 e6 3. Nf3 b6 4. Nc3 Bb4 5. Bg5 Bb7 6. Qc2 h6 7. Bd2 O-O 8. a3 Bxc3 9. Bxc3 Ne4 10. b4 Nxc3 11. Qxc3 d6 12. g3 Qf6 13. Bg2 c5 14. Rd1 Nd7 15. O-O Rac8 16. Rfe1 cxd4 17. Nxd4 Bxg2 18. Kxg2 d5 19. Qd2 Rxc4 20. e4 dxe4 21. Nb5 Qf3+ 22. Kg1 Ne5 23. Qa2 Rfc8 24. Qe2 Rc2 25. Qf1 Qh5 26. Nd4 f5 27. Rc1 Rxc1 28. Rxc1 Rd8 29. f4 Rxd4 30. fxe5 Rd2 31. h3 e3 32. Rc8+ Kh7 33. h4 Rd1 34. Rc1 Rxf1+ 35. Rxf1 Qg4 36. Kg2 Qe4+ 37. Kh2 e2 38. Re1 Qxe5 39. Kg2 Qe3 40. h5 e5 0-1

[Event "Romanian Team Rapid Open 2022"]
[Site "Sebes"]
[Date "2022.12.03"]
[Round "7.21"]
[White "Dragomirescu, Robin-Alexandru"]
[Black "Stefan, Romulus-Cristian"]
[Result "1/2-1/2"]
[WhiteElo "2337"]
[BlackElo "2097"]
[Annotator "TA"]
[PlyCount "112"]
[EventDate "2022.12.03"]
[EventType "rapid"]
[EventCountry "ROU"]
[SourceTitle "playchess.com"]
[Source "ChessBase"]
[SourceQuality "1"]

{[%evp 9,112,-6,12,-3,9,18,20,8,14,12,18,16,14,10,20,19,29,0,0,0,0,-6,-11,-111,-93,-65,-93,-146,-68,-134,-131,-547,-315,-657,-320,-648,-638,-627,-302,-297,-295,-421,-154,-471,-468,-844,-434,-418,-423,-808,-8,-13,0,0,0,0,18,8,9,8,9,0,25,25,21,22,21,22,21,24,23,24,25,24,22,10,262,-109,0,0,0,0,51,51,62,0,0,0,0,0,0,0,0,0,0,0,0,0,0,0,0,0,0,0,0]} 1. b3 Nf6 2. Bb2 g6 3. Bxf6 exf6 4. c4 Bg7 5. Nc3 f5 6. Rc1 {A01: Nimzowitsch-Larsen Opening.} d6 7. g3 Nd7 8. Bg2 Nf6 9. e3 O-O 10. Nge2 Re8 11. d3 a5 {[#]} 12. a3 $146 ({Predecessor:} 12. O-O c6 13. h4 Ng4 14. d4 Bf6 15. Bf3 h5 16. Bxg4 hxg4 17. Nf4 Kg7 18. Kg2 Bd7 19. a4 Rh8 20. Qd3 Qc7 21. Nce2 Rae8 22. Rfe1 Bc8 {½-½ (22) Bimpson,T-LeMoir,D (2099) Torquay 2013}) 12... c6 13. b4 axb4 14. axb4 h5 {[%cal Oh5h4]} 15. O-O (15. b5 $5 {[%cal Rb5c6]}) 15... h4 16. Qb3 (16. b5 $11 {remains equal.} hxg3 17. hxg3) 16... hxg3 17. hxg3 Ng4 18. b5 (18. Nf4 $142) 18... Bd7 (18... Qg5 $1 $17 {[%cal Rg5h6]} 19. Nf4 Qh6) 19. Rb1 (19. bxc6 $15 Bxc6 20. d4) 19... Qg5 $1 $17 20. Rfe1 $2 {[%mdl 8192]} (20. Bf3 $17 {nothing else works.}) 20... Qh6 {[%cal Oe8e3] Strongly threatening ...Rxe3!} 21. Nf4 $2 (21. Nd1) 21... Qh2+ $19 22. Kf1 g5 23. Nh3 Bf6 (23... f4 $142 24. Nxg5 fxg3) 24. bxc6 bxc6 {[%cal Of5f4]} (24... Bxc6 25. Nd5 $11) 25. d4 (25. Nd1 {was worth a try.}) 25... Kg7 $2 (25... f4 $19 {[%cal Rg4e3] is more deadly. White must now prevent ...Nxe3+!} 26. gxf4 Nxe3+ $1 {[%mdl 512]} 27. Rxe3 Rxe3) 26. Ne2 $2 (26. Qb7 $17 Rad8 27. Re2) 26... f4 27. Neg1 (27. Nexf4 $142 gxf4 28. Nxf4) 27... Nxe3+ 28. fxe3 Bxh3 (28... fxg3 29. Nf3 $18) (28... Qxg3 29. e4 $17) 29. Bxh3 (29. Nxh3 $142 f3 30. Bxf3) 29... Qxg3 $2 (29... fxg3 $2 30. Re2 (30. Bg2 Qh7 $14) 30... Qh1 31. Qd3 $18 (31. Bg2 Qh7 $16)) (29... Ra2 $19 {( -> ...Qf2#)} 30. Qxa2 Qxa2 31. gxf4 gxf4) 30. e4 $11 Qxb3 ({Don't play} 30... Bxd4 31. Qxg3 fxg3 32. Nf3 $16 (32. Bd7 Rh8 $17)) (30... Qh4 {is more complex.} 31. Qb2 f3 32. Bf5 Reb8) 31. Rxb3 Bxd4 32. Nf3 {[%csl LRd4,LRg5]} Bf6 33. Rb6 (33. Bg4 $5 {[%cal Rb3d3]}) 33... Rh8 34. Bg4 Ra2 $132 {[%mdl 2048] Black is not holding back} 35. Kg1 {Prevents Rh1+.} Rhh2 {[%mdl 64]} 36. Nxh2 Bd4+ 37. Kh1 Bxb6 38. Nf3 {[%cal Oe1d1]} f6 39. Rb1 Bc5 40. Rb7+ Kf8 $1 41. Be6 {With the idea Rf7+.} Rf2 42. Nh2 Re2 $2 {[%mdl 8192] [#]} (42... Ra2 $11 {and Black stays safe.}) 43. Bf5 $2 {[#]} ({Only move:} 43. Ng4 $1 $18 {[%cal Rg4f6]} f3 44. Nxf6 Re1+ 45. Kh2 Bg1+ 46. Kg3 Bh2+ 47. Kxh2 Re2+ 48. Kg3 Rg2+ 49. Kxf3 g4+ 50. Kxg2 c5 51. Rf7#) 43... Rc2 (43... Re1+ $1 $17 44. Kg2 Rg1+ 45. Kf3 Rg3+ 46. Ke2 Rg2+ 47. Kf3 Rf2+ 48. Kg4 Rg2+ 49. Kf3 Rf2+ 50. Kg4 Rxh2) 44. Ng4 Rc1+ 45. Kg2 Bd4 (45... Rg1+ $11 46. Kh2 f3) 46. Be6 $14 {aiming for Nh6.} Rg1+ 47. Kf3 {White has more active pieces.} (47. Kh2 $1 $14 Ra1 48. Nh6) 47... Rg3+ $11 {The position is equal.} 48. Ke2 f3+ 49. Kd3 f2+ 50. Kxd4 ({Much weaker is} 50. Ke2 Rg1 51. Rf7+ (51. Nxf2 Rg2 $17) 51... Ke8 52. Nxf2 (52. Nxf6+ Bxf6 53. Kxf2 Bd4+ 54. Ke2 c5 $17) 52... Rg2 $17) 50... f1=Q {[%cal Rf1d1]} (50... f1=R $2 51. Rf7+ Ke8 52. Nxf6+ Rxf6 53. Rxf6 $18) 51. Rf7+ Ke8 {[%csl Gg3][%cal Rf1d3]} 52. Nxf6+ Kd8 {[%csl Gg3][%cal Rf1d3]} 53. Rd7+ Kc8 {[%csl Gf1][%cal Rg3d3]} 54. Rf7+ Kd8 {[%cal Rf1a1]} 55. Rd7+ Kc8 {[%csl Gf1][%cal Rg3d3]} 56. Rf7+ Kd8 {Black had all chances to win.   Weighted Error Value: White=0.78/Black=0.58} 1/2-1/2